000 00305nam a22001337a 4500
008 170807b xxu||||| |||| 00| 0 eng d
020 _a082039541723
041 _aeng
080 _a004
100 _a34
101 _aSHK
245 _aTHE UNOFFICIAL GUIDE TO ETHICAL HACKING
_cFADIA,A
942 _2udc
_cBK
999 _c22851
_d22851